Logo BPK

Biblioteka

Politechniki Koszalińskiej

Workshop tables, cabinets, and jigs / (Rekord nr 47553)

Szczegóły MARC
000 -ETYKIETA REKORDU
podpole kontrolne o stałej długości 00657nam a2200217 i 4500
001 - NUMER KONTROLNY REKORDU
pole kontrolne bgj
020 ## - MIĘDZYNARODOWY ZNORMALIZOWANY NUMER KSIĄŻKI - ISBN
ISBN 0878579397
040 ## - ŹRÓDŁO KATALOGOWANIA
Instytucja, która utworzyła rekord BPK
041 0# - KOD JĘZYKA
Kod języka tekstu eng
920 ## - Międzynarodowy znormalizowany numer książki – ISBN
ISBN 0-87857-939-7
008 - POLE O STAŁEJ DŁUGOŚCI - DANE KONTROLNE
podpole kontrolne o stałej długości s uk f |000 0 eng
100 1# - NAZWA OSOBOWA
Nazwa osobowa ENGLER, Nick
245 10 - TYTUŁ/ODPOWIEDZIALNOŚĆ
Tytuł Workshop tables, cabinets, and jigs /
Pozostałe elementy strefy tytułu i oznaczenia odpowiedzialności Nick Engler.
260 ## - STREFA ADRESU WYDAWNICZEGO
Miejsce wydania Emmaus, Pa :
Nazwa wydawcy/dystrybutora Rodale Press,
Data publikacji, dystrybucji/powstania dokumentu c. 1990.
300 ## - STREFA OPISU FIZYCZNEGO
Objętość 123 pp :
Inne cechy fizyczne ill. ;
Rozmiary 29 cm.
490 1# - STREFA SERII I DOKUMENTU WIELOCZĘŚCIOWEGO - FORMA NIE DO WYSZUKIWANIA
Tytuł i oznaczenie odpowiedzialności serii Build-It-Better-Yourself Woodworking Projects
650 #9 - HASŁO PRZEDMIOTOWE W FORMIE NAZWY OGÓLNEJ LUB JEDNOSTKOWEJ
Nazwa ogólna lub geograficzna Workshops
Określnik ogólny Equipment and supplies
650 #9 - HASŁO PRZEDMIOTOWE W FORMIE NAZWY OGÓLNEJ LUB JEDNOSTKOWEJ
Nazwa ogólna lub geograficzna Workshops
Określnik ogólny Design and construction
830 ## - HASŁO DODATKOWE SERII LUB DOKUMENTU WIELOCZĘŚCIOWEGO - TYTUŁ UJEDNOLICONY
Tytuł ujednolicony Build-It-Better-Yourself Woodworking Projects
856 ## - LOKALIZACJA I DOSTĘP DO ELEKTRONICZNYCH DOKUMENTÓW ZDALNYCH
Link (URL) http://koha.tu.koszalin.pl/cgi-bin/koha/opac-detail.pl?biblionumber=47553
Tekst linku Katalog online BPK
942 ## - DODATKOWE ELEMENTY (KOHA)
Typ dokumentu Książka
Egzemplarze
Wycofany Status egzemplarza Uszkodzony Dostępność Lokalizacja stała Lokalizacja bieżąca Miejsce przechowywania Sygnatura Kod kreskowy Typ dokumentu
      Dostępny Biblioteka Politechniki Koszalińskiej Biblioteka Politechniki Koszalińskiej Wypożyczalnia Językowa KA 3922 09039155 Książka
© 2023 Biblioteka Politechniki Koszalińskiej :: KOHA